Manual de organización, funciones y procedimientos de la empresa Importaciones Brockman Arguello López, S.A
El presente trabajo contiene el manual de funciones y procedimientos desarrollado para la empresa Importaciones Brockman Arguello López (Impobal, S.A), el cual surge ante la necesidad de alcanzar un mayor orden y control en las funciones que desarrollan los colaboradores por ante la inexistencia de...
| Main Authors: | , , |
|---|---|
| Other Authors: | |
| Format: | Tesis Section = Libro |
| Language: | Undetermined Spanish |
| Published: |
Managua
UNI
2019
|
| Subjects: |
| LEADER | 01321nam a2200277Ia 4500 | ||
|---|---|---|---|
| 008 | 240830s9999 xx 000 0 und d | ||
| 040 | |a BIBLIOTECA-RUPAP Mon 658.402 U73 | ||
| 041 | |a spa | ||
| 082 | |a Mon 658.402 U73 | ||
| 100 | 1 | |a Urbina Duarte, Alfonso José | |
| 100 | 1 | |b Corea González, Erwing Antonio | |
| 100 | 1 | |c Reyes Gómez, María Lourdes | |
| 245 | 1 | 0 | |a Manual de organización, funciones y procedimientos de la empresa Importaciones Brockman Arguello López, S.A |
| 260 | |a Managua |b UNI |c 2019 | ||
| 300 | |a 221 p. :il. | ||
| 500 | |a Contiene: anexos y CD. | ||
| 502 | |a Tesis (Ingeniero Industrial)- UNI, 2019. | ||
| 520 | 3 | |a El presente trabajo contiene el manual de funciones y procedimientos desarrollado para la empresa Importaciones Brockman Arguello López (Impobal, S.A), el cual surge ante la necesidad de alcanzar un mayor orden y control en las funciones que desarrollan los colaboradores por ante la inexistencia de algún documento que especificara las funciones que realizan cada uno de estos en sus puestos de trabajo. | |
| 650 | 7 | |a ORGANIZACIÓN-MANUALES | |
| 650 | 7 | |b MANUALES ADMINISTRATIVOS | |
| 650 | 7 | |c DESCRIPCION DEL TRABAJO | |
| 650 | 7 | |d ADMINISTRACION DE EMPRESAS | |
| 700 | 1 | |a Tutor: |b Fuentes Espinoza, Oscar Danilo | |
| 942 | |c BK |2 ddc | ||
| 991 | |a TESIS | ||
| 999 | |c 17297 | ||